[Event "24.Schlosspark-Open"]
[Site "Wiesbaden-Biebrich"]
[Date "2012.08.25"]
[Round "4.30"]
[White "Sarközy, Benjamin"]
[Black "Schellen, Sven"]
[Result "1-0"]
[WhiteElo "2075"]
[BlackElo "1805"]
[PlyCount "61"]
[EventDate "2012.??.??"]
[WhiteTeam "SC Flörsheim 1921"]
[BlackTeam "Sfr. Frankfurt 1921"]

1. e4 Nc6 2. Nf3 f5 3. exf5 d5 4. d4 Bxf5 5. Bf4 Nf6 6. Bd3 Bxd3 7. Qxd3 e6 8.
Nbd2 Bd6 9. Bxd6 Qxd6 10. O-O O-O-O 11. Rfe1 Rde8 12. Ne5 Rhf8 13. c3 Ne7 14.
b4 Nf5 15. a4 g5 16. a5 h5 17. b5 g4 18. b6 a6 19. bxc7 Qxc7 20. c4 Qd6 21. c5
Qc7 22. c6 b5 23. axb6 Qxb6 24. Reb1 Qxd4 25. Qxa6+ Kc7 26. Rb7+ Kd6 27. Ndf3
gxf3 28. Nxf3 Qc4 29. Qa3+ Qc5 30. Qb2 Kxc6 31. Ne5+ 1-0

[Event "24.Schlosspark-Open"]
[Site "Wiesbaden-Biebrich"]
[Date "2012.08.25"]
[Round "4.32"]
[White "Nagel, Erwin"]
[Black "Feicht, Arno"]
[Result "1-0"]
[WhiteElo "1957"]
[BlackElo "2064"]
[PlyCount "63"]
[EventDate "2012.??.??"]
[WhiteTeam "TSV Amorbach 1863 e.V."]
[BlackTeam "Sfr. Anderssen Wetzlar"]

1. e4 e6 2. d4 d5 3. Nc3 Bb4 4. exd5 exd5 5. Bd3 c6 6. Nge2 Bd6 7. Bf4 Bg4 8.
Bxd6 Qxd6 9. f3 Be6 10. O-O Ne7 11. Ng3 h5 12. Qe2 g6 13. f4 h4 14. f5 hxg3 15.
fxe6 f5 16. h3 a6 17. a3 c5 18. Qe3 c4 19. Be2 Nbc6 20. Na4 Nd8 21. Rae1 Rh4
22. Bf3 b6 23. Nc3 Rh7 24. Qg5 Ndc6 25. Nxd5 Nxd5 26. Qxg6+ Kd8 27. Qxh7 Ra7
28. Qg8+ Ke7 29. Bxd5 Qxd5 30. c3 Kf6 31. Qf8+ Kg6 32. e7 1-0

[Event "24.Schlosspark-Open"]
[Site "Wiesbaden-Biebrich"]
[Date "2012.08.25"]
[Round "4.33"]
[White "Syed, Tareq"]
[Black "Brandt, Michael"]
[Result "1-0"]
[WhiteElo "2064"]
[BlackElo "1726"]
[PlyCount "33"]
[EventDate "2012.??.??"]
[WhiteTeam "SC Brett vor'm Kopp Ffm"]
[BlackTeam "Wiesbadener SV 1885"]

1. e4 e6 2. d3 c5 3. g3 b6 4. Bg2 Bb7 5. Nd2 d5 6. Ngf3 Nf6 7. e5 Nfd7 8. O-O
Nc6 9. Re1 g5 10. c4 d4 11. Ne4 h6 12. Nd6+ Bxd6 13. exd6 Qf6 14. Nd2 O-O-O 15.
Qa4 Nce5 16. Qxa7 Bxg2 17. Qc7# 1-0

[Event "24.Schlosspark-Open"]
[Site "Wiesbaden-Biebrich"]
[Date "2012.08.25"]
[Round "4.34"]
[White "Gutacker, Stephan"]
[Black "Brechlin, Olaf"]
[Result "1-0"]
[WhiteElo "1951"]
[BlackElo "2063"]
[PlyCount "103"]
[EventDate "2012.??.??"]
[WhiteTeam "Sfr.1932 Kelkheim"]
[BlackTeam "FVS ASP Hoyerswerda"]

1. e4 Nc6 2. Nf3 d5 3. exd5 Qxd5 4. Nc3 Qa5 5. d4 Bg4 6. Bc4 e6 7. Bd2 Qh5 8.
Be2 Nf6 9. Nb5 O-O-O 10. c3 a6 11. Na3 Bd6 12. Nc4 Rhe8 13. Ne3 Nd5 14. Nxg4
Qxg4 15. g3 Qe4 16. O-O h6 17. Re1 Qf5 18. b4 g5 19. a4 Nf6 20. b5 axb5 21.
axb5 Nb8 22. c4 b6 23. Qc1 Kd7 24. Be3 Bb4 25. Rd1 Ne4 26. Ne5+ Ke7 27. Bd3 f6
28. Qc2 fxe5 29. Bxe4 Qf6 30. dxe5 Qxe5 31. f4 gxf4 32. Bxf4 Qc5+ 33. Kg2 Nd7
34. Qb2 Nf6 35. Bc6 Rg8 36. Be5 Ng4 37. Bd4 Qd6 38. Bf6+ Nxf6 39. Rxd6 Bxd6 40.
Qe2 Bb4 41. Rd1 Rd6 42. Rxd6 cxd6 43. Qe3 Rg5 44. Qxb6 Ng4 45. Qc7+ Kf6 46.
Qd8+ Ke5 47. Qh8+ Kf5 48. h3 Nf6 49. Qxh6 Bd2 50. Qf8 Bf4 51. g4+ Ke5 52. b6
1-0

[Event "24.Schlosspark-Open"]
[Site "Wiesbaden-Biebrich"]
[Date "2012.08.25"]
[Round "4.35"]
[White "Larem, Peter"]
[Black "Diehm, Alexander"]
[Result "1/2-1/2"]
[WhiteElo "1935"]
[BlackElo "2059"]
[PlyCount "83"]
[EventDate "2012.??.??"]
[WhiteTeam "Schach-Spielgemeinschaft Röderma"]
[BlackTeam "SC FK Babenhausen 1994"]

1. e4 c5 2. c3 d5 3. exd5 Qxd5 4. d4 Nf6 5. Nf3 Nc6 6. Be3 Bg4 7. Be2 e6 8.
dxc5 Qh5 9. b4 Nd5 10. Nd4 Nxe3 11. fxe3 Bxe2 12. Qxe2 Qxe2+ 13. Kxe2 a5 14.
Nxc6 bxc6 15. a3 Be7 16. Nd2 Bf6 17. Ne4 Be5 18. Kd3 Ke7 19. h3 Rhd8+ 20. Kc2
f5 21. Nd2 axb4 22. axb4 g5 23. Nc4 Bc7 24. Ra3 Rxa3 25. Nxa3 e5 26. Nc4 Ra8
27. Rf1 Ke6 28. Kb3 e4 29. Nd6 Bxd6 30. cxd6 Rd8 31. Rd1 f4 32. c4 Rxd6 33.
Rxd6+ Kxd6 34. exf4 gxf4 35. Kc3 h5 36. h4 Ke5 37. b5 cxb5 38. cxb5 Kd5 39. b6
Kc6 40. Kd4 e3 41. b7 Kxb7 42. Kd3 1/2-1/2

[Event "24.Schlosspark-Open"]
[Site "Wiesbaden-Biebrich"]
[Date "2012.08.25"]
[Round "4.36"]
[White "Bratmann, Marc"]
[Black "Nabavi, Parwis"]
[Result "0-1"]
[WhiteElo "1746"]
[BlackElo "2172"]
[PlyCount "84"]
[EventDate "2012.??.??"]
[WhiteTeam "SAbt TuS Dotzheim"]
[BlackTeam "SGEM Dreisamtal"]

1. e4 e5 2. Nc3 Nc6 3. Bc4 Bc5 4. Nf3 Nf6 5. d3 d6 6. Bg5 h6 7. Be3 Nd4 8. h3
c6 9. Bxd4 exd4 10. Ne2 Bb4+ 11. c3 dxc3 12. bxc3 Ba5 13. O-O O-O 14. Qc2 d5
15. exd5 cxd5 16. Bb3 Bf5 17. Rfd1 Rc8 18. Rac1 Qd6 19. Qb2 Rfd8 20. Ned4 Bg6
21. c4 Bb6 22. Nb5 Qf4 23. Qe5 Qxe5 24. Nxe5 Bf5 25. Nf3 dxc4 26. Rxc4 Rxc4 27.
Bxc4 Ne4 28. d4 Kf8 29. Kf1 a6 30. Na3 Nc3 31. Rd2 Be4 32. Nc2 Rc8 33. Ne3 Ba5
34. Rb2 Rxc4 35. Nxc4 Bd3+ 36. Kg1 Bxc4 37. Rxb7 Nxa2 38. Ne5 Bd5 39. Ra7 Nb4
40. Nd7+ Ke8 41. Ne5 Bb6 42. Rd7 Bxd4 0-1

[Event "24.Schlosspark-Open"]
[Site "Wiesbaden-Biebrich"]
[Date "2012.08.25"]
[Round "4.37"]
[White "Kayser, Felix"]
[Black "Winand, Edgar"]
[Result "0-1"]
[WhiteElo "2220"]
[BlackElo "1927"]
[PlyCount "82"]
[EventDate "2012.??.??"]
[WhiteTeam "Wiesbadener SV 1885"]
[BlackTeam "SC Eschbach im Usinger Land"]

1. d4 g6 2. c4 Bg7 3. g3 d6 4. Nf3 Nf6 5. Bg2 O-O 6. O-O c5 7. dxc5 dxc5 8. Nc3
Nc6 9. Be3 Qa5 10. h3 Rd8 11. Qc1 Be6 12. Nd2 Nd4 13. Kh2 Qa6 14. Bxd4 cxd4 15.
Nb5 Rac8 16. a4 Bd5 17. Bxd5 Nxd5 18. Qd1 Nc7 19. Qb3 Qa5 20. Rfd1 Ne6 21. Ne4
a6 22. Na3 Qc7 23. Rac1 Qc6 24. Qc2 f5 25. Nd2 Nc5 26. b4 Nxa4 27. b5 axb5 28.
Nxb5 Nc3 29. Na7 Qc5 30. Nxc8 d3 31. Nxe7+ Qxe7 32. exd3 Nxd1 33. Rxd1 Qe2 34.
Kg2 Rxd3 35. c5 Bd4 36. c6 Qxf2+ 37. Kh1 Rxg3 38. Qc4+ Kg7 39. Qf1 Qxf1+ 40.
Nxf1 Rg1+ 41. Kh2 bxc6 0-1

[Event "24.Schlosspark-Open"]
[Site "Wiesbaden-Biebrich"]
[Date "2012.08.25"]
[Round "4.38"]
[White "Ottway, Christopher"]
[Black "Pioch, Thomas"]
[Result "1/2-1/2"]
[WhiteElo "1913"]
[BlackElo "2183"]
[PlyCount "29"]
[EventDate "2012.??.??"]
[WhiteTeam "Biebertaler SF"]
[BlackTeam "Sfr.Mainz 1928"]

1. e4 e6 2. d4 d5 3. Nd2 Nf6 4. e5 Nfd7 5. c3 c5 6. Bd3 Nc6 7. Ngf3 Qb6 8. O-O
cxd4 9. cxd4 Nxd4 10. Nxd4 Qxd4 11. Nf3 Qb6 12. Qa4 Qb4 13. Qc2 Qc5 14. Qe2 h6
15. Be3 1/2-1/2

[Event "24.Schlosspark-Open"]
[Site "Wiesbaden-Biebrich"]
[Date "2012.08.25"]
[Round "4.39"]
[White "Weiler, Dieter"]
[Black "Beck, Michael"]
[Result "1-0"]
[WhiteElo "2155"]
[BlackElo "1909"]
[PlyCount "57"]
[EventDate "2012.??.??"]
[WhiteTeam "vereinslos"]
[BlackTeam "SC Flörsheim 1921"]

1. d4 d5 2. c4 c6 3. Nf3 Nf6 4. e3 e6 5. b3 Nbd7 6. Bb2 Bd6 7. Bd3 O-O 8. O-O
Re8 9. Ne5 Ne4 10. f3 Nef6 11. Nd2 Bf8 12. f4 g6 13. c5 Bg7 14. b4 a6 15. a4
Qc7 16. Qe2 Rf8 17. Bc3 Nxe5 18. fxe5 Ne8 19. e4 f6 20. exf6 Nxf6 21. e5 Ne8
22. Rxf8+ Bxf8 23. Rf1 Qe7 24. Nf3 Ng7 25. g4 Bd7 26. Bd2 Ne8 27. Bg5 Qg7 28.
Qe3 h6 29. Bf6 1-0

[Event "24.Schlosspark-Open"]
[Site "Wiesbaden-Biebrich"]
[Date "2012.08.25"]
[Round "4.40"]
[White "Achtmann, Armin"]
[Black "Sandten, Ulrich"]
[Result "1/2-1/2"]
[WhiteElo "1931"]
[BlackElo "2082"]
[PlyCount "28"]
[EventDate "2012.??.??"]
[WhiteTeam "Petra/Mallorca"]
[BlackTeam "SF Vonkeln 1931"]

1. b4 f5 2. Bb2 Nf6 3. Nf3 e6 4. b5 Be7 5. e3 O-O 6. Be2 d6 7. d4 Qe8 8. Nbd2
Nbd7 9. c4 Ne4 10. Qc2 Ndf6 11. a4 Qg6 12. g3 Qh6 13. Nxe4 Nxe4 14. Nd2 Nxd2
1/2-1/2

[Event "24.Schlosspark-Open"]
[Site "Wiesbaden-Biebrich"]
[Date "2012.08.25"]
[Round "4.41"]
[White "Witte, Volker"]
[Black "Neurohr, Jürgen"]
[Result "1/2-1/2"]
[WhiteElo "1903"]
[BlackElo "2068"]
[PlyCount "89"]
[EventDate "2012.??.??"]
[WhiteTeam "SF Schlebusch"]
[BlackTeam "Sfr.Mainz 1928"]

1. d4 Nf6 2. c4 e6 3. Nc3 Bb4 4. e3 O-O 5. Qc2 c5 6. a3 Bxc3+ 7. Qxc3 cxd4 8.
exd4 d5 9. Nf3 Nc6 10. Be3 Bd7 11. Bd3 dxc4 12. Bxc4 Na5 13. Qb4 Nxc4 14. Qxc4
a6 15. Qb4 Nd5 16. Qd2 Bb5 17. a4 Bc4 18. Ne5 Rc8 19. Rc1 Bb3 20. Rxc8 Qxc8 21.
a5 Bc4 22. Nd3 Bxd3 23. Qxd3 Nb4 24. Qc3 Qxc3+ 25. bxc3 Nc6 26. c4 Nxa5 27. c5
Rd8 28. Ke2 Nc6 29. Rb1 Rd7 30. f4 g6 31. Kd3 Kg7 32. h3 f6 33. Kc4 Kf7 34. g3
Ke7 35. Bf2 Kd8 36. g4 Na7 37. Re1 Re7 38. Bh4 Kd7 39. Bxf6 Rf7 40. g5 Nb5 41.
Kb4 Nc7 42. Ka5 Nd5 43. h4 Rf8 44. Re2 Rf7 45. Re1 1/2-1/2

[Event "24.Schlosspark-Open"]
[Site "Wiesbaden-Biebrich"]
[Date "2012.08.25"]
[Round "4.44"]
[White "Anders, Eric"]
[Black "Klein, Maximilian"]
[Result "1/2-1/2"]
[WhiteElo "1842"]
[BlackElo "2002"]
[PlyCount "59"]
[EventDate "2012.??.??"]
[WhiteTeam "TSV Schott Mainz"]
[BlackTeam "SC Idar-Oberstein"]

1. e4 c6 2. d4 d5 3. Nc3 dxe4 4. Nxe4 Bf5 5. Ng3 Bg6 6. h4 h6 7. Nf3 Nd7 8. h5
Bh7 9. Bd3 Bxd3 10. Qxd3 Ngf6 11. Bd2 e6 12. O-O-O Qc7 13. Ne4 Nxe4 14. Qxe4
Nf6 15. Qe2 O-O-O 16. g3 c5 17. Bf4 Bd6 18. Bxd6 Rxd6 19. dxc5 Qxc5 20. Ne5
Rxd1+ 21. Rxd1 Qc7 22. Rd4 Kb8 23. Qd1 Rc8 24. Nd7+ Nxd7 25. Rxd7 Qa5 26. Kb1
Rc7 27. Rd8+ Rc8 28. Rd7 Rc7 29. Rd8+ Rc8 30. Rd7 1/2-1/2

[Event "24.Schlosspark-Open"]
[Site "Wiesbaden-Biebrich"]
[Date "2012.08.25"]
[Round "4.45"]
[White "Machlin, Maxim"]
[Black "Lanz, Udo"]
[Result "0-1"]
[WhiteElo "1981"]
[BlackElo "1893"]
[PlyCount "40"]
[EventDate "2012.??.??"]
[WhiteTeam "Biebertaler SF"]
[BlackTeam "SC Eberbach"]

1. e4 c5 2. Nf3 Nc6 3. d4 cxd4 4. Nxd4 Nf6 5. Nc3 g6 6. Be3 Bg7 7. f3 O-O 8.
Qd2 d5 9. Nxc6 bxc6 10. O-O-O e6 11. h4 Qa5 12. Kb1 Rb8 13. e5 Nd7 14. f4 Qc7
15. h5 c5 16. hxg6 fxg6 17. Nxd5 exd5 18. Qxd5+ Kh8 19. Qd3 Nxe5 20. Qc3 Nd3
0-1

[Event "24.Schlosspark-Open"]
[Site "Wiesbaden-Biebrich"]
[Date "2012.08.25"]
[Round "4.46"]
[White "Bangert, Udo"]
[Black "Frömbgen, Andreas"]
[Result "1-0"]
[WhiteElo "1790"]
[BlackElo "1973"]
[PlyCount "40"]
[EventDate "2012.??.??"]
[WhiteTeam "SG Stern Stuttgart"]
[BlackTeam "SK Gau-Algesheim"]

1. f4 Nf6 2. Nf3 g6 3. b3 Bg7 4. Bb2 O-O 5. g3 c5 6. Bg2 d5 7. e3 Nc6 8. O-O b5
9. a4 Qb6 10. axb5 Qxb5 11. Nc3 Qb7 12. Ne5 Nxe5 13. fxe5 Ne4 14. Nxd5 Qxd5 15.
d3 Rb8 16. Bxe4 Qe6 17. Qf3 Qb6 18. Ra2 e6 19. Rfa1 f5 20. exf6 Bxf6 1-0

[Event "24.Schlosspark-Open"]
[Site "Wiesbaden-Biebrich"]
[Date "2012.08.25"]
[Round "4.48"]
[White "Schöber, Sebastian"]
[Black "Wagner, Stefan"]
[Result "1/2-1/2"]
[WhiteElo "1699"]
[BlackElo "1955"]
[PlyCount "89"]
[EventDate "2012.??.??"]
[WhiteTeam "SC Rochade 69 Diez e. V."]
[BlackTeam "SC Landskrone"]

1. c4 Nf6 2. g3 c5 3. Bg2 g6 4. Nc3 Bg7 5. e4 e5 6. Nge2 h5 7. h3 d6 8. d3 Be6
9. Bg5 Qd7 10. Nd5 Nh7 11. Qd2 Bxd5 12. cxd5 Nxg5 13. Qxg5 Qb5 14. Qd2 Bh6 15.
Qc2 Na6 16. a3 Rc8 17. O-O O-O 18. b3 Qd7 19. h4 Nc7 20. Kh2 Rb8 21. Bh3 Qe7
22. f4 exf4 23. Nxf4 Nb5 24. Ne2 Bg7 25. Ra2 Be5 26. Kg2 Kg7 27. Qd2 f6 28. a4
Nc7 29. d4 Bxd4 30. Nxd4 cxd4 31. Qxd4 Qe5 32. Qxe5 fxe5 33. Rc1 Na6 34. Rc4
Rf7 35. Be6 Rc7 36. Rac2 Rxc4 37. Rxc4 Nc5 38. b4 Na6 39. Rc8 Rxc8 40. Bxc8
Nxb4 41. Bxb7 Nd3 42. Kf3 Nc5 43. Bc6 a5 44. Ke3 Kf6 45. Bb5 1/2-1/2

[Event "24.Schlosspark-Open"]
[Site "Wiesbaden-Biebrich"]
[Date "2012.08.25"]
[Round "4.49"]
[White "Schwarz, Eduard"]
[Black "Bolduan, Michael"]
[Result "1-0"]
[WhiteElo "1942"]
[BlackElo "1889"]
[PlyCount "57"]
[EventDate "2012.??.??"]
[WhiteTeam "SG Turm Idstein"]
[BlackTeam "SC Taunusstein 1966"]

1. d4 e6 2. c4 f5 3. g3 Nf6 4. Bg2 d5 5. Bg5 c6 6. Nf3 Bd6 7. O-O O-O 8. Ne5
Qe8 9. Bxf6 Rxf6 10. f4 Nd7 11. Nc3 Rh6 12. Nxd7 Bxd7 13. c5 Be7 14. e3 g5 15.
Rf2 Kh8 16. b4 g4 17. Rb1 Rg6 18. Bf1 h5 19. b5 h4 20. Qa4 hxg3 21. hxg3 Rh6
22. Rbb2 Qg6 23. Rh2 Kg7 24. Rxh6 Kxh6 25. bxc6 Bxc6 26. Bb5 Bxb5 27. Qxb5 b6
28. Qd7 bxc5 29. Qxe7 1-0

[Event "24.Schlosspark-Open"]
[Site "Wiesbaden-Biebrich"]
[Date "2012.08.25"]
[Round "4.50"]
[White "Bykov, Vyacheslav"]
[Black "Kannenberg, Carl-Fr"]
[Result "0-1"]
[WhiteElo "1636"]
[BlackElo "1939"]
[PlyCount "122"]
[EventDate "2012.??.??"]
[WhiteTeam "Wiesbadener SV 1885"]
[BlackTeam "SAbt TuS Dotzheim"]

1. d4 d5 2. c4 e6 3. Nc3 Be7 4. cxd5 exd5 5. Bf4 Nf6 6. Qc2 c6 7. h3 Bd6 8.
Bxd6 Qxd6 9. e3 Nbd7 10. Bd3 O-O 11. Nf3 Re8 12. O-O h6 13. Rab1 a6 14. b4 b5
15. e4 dxe4 16. Nxe4 Nxe4 17. Bxe4 Bb7 18. Rfd1 Nf6 19. Bd3 Kf8 20. Bf1 Qd5 21.
Ne1 Re4 22. Nf3 a5 23. a3 axb4 24. axb4 Ra2 25. Rb2 Ra4 26. Qc1 Qd6 27. Qb1 Re8
28. g3 Rea8 29. Bg2 Kg8 30. Kh2 g6 31. Rd3 Nd5 32. Rdb3 Kg7 33. Qe1 h5 34. Qe5+
Qxe5 35. Nxe5 Ra2 36. Nd3 Bc8 37. Nc5 f5 38. f4 Kh6 39. h4 Kg7 40. Kg1 Kf6 41.
Kf2 Be6 42. Nxe6 Kxe6 43. Ke1 Kd6 44. Kd2 Rxb2+ 45. Rxb2 Ra4 46. Bxd5 Kxd5 47.
Ke3 Ra3+ 48. Kf2 Rd3 49. Rb1 Rxd4 50. Rb2 Re4 51. Rd2+ Kc4 52. Rc2+ Kd5 53.
Rd2+ Rd4 54. Rb2 c5 55. bxc5 Kxc5 56. Rc2+ Kd5 57. Rc8 Re4 58. Rb8 b4 59. Rb6
Kc4 60. Rxg6 b3 61. Rc6+ Kd3 0-1

[Event "24.Schlosspark-Open"]
[Site "Wiesbaden-Biebrich"]
[Date "2012.08.25"]
[Round "4.52"]
[White "Diener, Carolin Valeria"]
[Black "Seifert, Norbert"]
[Result "0-1"]
[WhiteElo "1739"]
[BlackElo "2028"]
[PlyCount "66"]
[EventDate "2012.??.??"]
[WhiteTeam "Sfr.1891 Friedberg"]
[BlackTeam "Sfr. Neuberg"]

1. e4 c5 2. Nf3 e6 3. d4 cxd4 4. Nxd4 Nf6 5. Nc3 Nc6 6. Nb3 Bb4 7. Bd3 d5 8.
exd5 exd5 9. Bd2 O-O 10. O-O Bg4 11. Be2 Bxe2 12. Qxe2 Re8 13. Qd3 d4 14. Ne2
Bxd2 15. Qxd2 Ne4 16. Qd3 Nb4 17. Qd1 d3 18. cxd3 Nxd3 19. Rb1 Rc8 20. Ned4 Nf4
21. f3 Qg5 22. g4 Nf6 23. Kh1 N6d5 24. Qd2 Ne3 25. Rg1 Rcd8 26. Rbe1 Nfd5 27.
Qf2 Qf4 28. Qg3 a5 29. Qxf4 Nxf4 30. Nb5 a4 31. Nc5 Rd2 32. Nxa4 Nd3 33. Rb1
Nf2# 0-1

[Event "24.Schlosspark-Open"]
[Site "Wiesbaden-Biebrich"]
[Date "2012.08.25"]
[Round "4.53"]
[White "Muuss, Klaus"]
[Black "Günther, Rainer"]
[Result "1-0"]
[WhiteElo "2010"]
[BlackElo "1764"]
[PlyCount "93"]
[EventDate "2012.??.??"]
[WhiteTeam "VSF Flintbek"]
[BlackTeam "SV Mainz-Mombach"]

1. e4 c5 2. Nf3 d6 3. d4 cxd4 4. Nxd4 Nf6 5. Nc3 a6 6. Bg5 e5 7. Nf3 Be7 8. Bc4
Be6 9. Bb3 Nbd7 10. Qd2 O-O 11. O-O-O Rc8 12. Rhe1 Qc7 13. Kb1 Rfd8 14. Bxf6
Nxf6 15. h3 b5 16. Bxe6 fxe6 17. Ng5 Qd7 18. f4 h6 19. fxe5 hxg5 20. exf6 Bxf6
21. e5 Be7 22. exd6 Qxd6 23. Qxd6 Bxd6 24. Rxe6 Bf4 25. Rxd8+ Rxd8 26. a3 Rd2
27. Re2 Rxe2 28. Nxe2 Be5 29. c3 Kf7 30. g4 Ke7 31. Kc2 Kd6 32. Kd3 Kd5 33. b3
Bd6 34. a4 bxa4 35. bxa4 Kc5 36. Nd4 Kd5 37. Nb3 Be7 38. c4+ Kc6 39. Ke4 Bf6
40. Kf5 Kd6 41. Nd2 Kc5 42. Ne4+ Kxc4 43. Nxf6 gxf6 44. Kxf6 Kb4 45. Kxg5 Kxa4
46. h4 a5 47. h5 1-0

[Event "24.Schlosspark-Open"]
[Site "Wiesbaden-Biebrich"]
[Date "2012.08.25"]
[Round "4.55"]
[White "Kellerwessel, Ralf"]
[Black "Uhl, Patrick"]
[Result "1-0"]
[WhiteElo "1916"]
[BlackElo "1739"]
[PlyCount "99"]
[EventDate "2012.??.??"]
[WhiteTeam "SC Bad Soden"]
[BlackTeam "Sfr.Bitburg 1958"]

1. Nc3 d5 2. e4 c6 3. d3 e5 4. a3 Nf6 5. Bg5 Be7 6. g3 d4 7. Nce2 h6 8. Bd2 Qb6
9. Qc1 Na6 10. Bg2 Bg4 11. Nf3 Bxf3 12. Bxf3 c5 13. b3 Nc7 14. Bg2 Ne6 15. O-O
Bd6 16. f4 exf4 17. gxf4 Ng4 18. e5 Bc7 19. h3 Ne3 20. Bxe3 dxe3 21. Qxe3 O-O
22. Kh1 Rad8 23. Nc3 Rfe8 24. Nd5 Rxd5 25. Bxd5 Nd4 26. Qf2 Nf5 27. Rg1 Bd8 28.
Be4 Bh4 29. Qf3 Ng3+ 30. Rxg3 Bxg3 31. Qxg3 c4 32. Rg1 g6 33. bxc4 Kf8 34. Qh4
Re6 35. Qxh6+ Ke7 36. Qh4+ Kd7 37. Bd5 Re7 38. Qe1 Qd4 39. Qe4 Qb6 40. Bxb7 Kd8
41. Bd5 f5 42. Qf3 Rh7 43. Kh2 Ke7 44. Qg3 Rh5 45. Rg2 Qd4 46. Qf2 Qc3 47.
Qxa7+ Kd8 48. Qb6+ Ke7 49. Qd6+ Ke8 50. Qxg6+ 1-0

[Event "24.Schlosspark-Open"]
[Site "Wiesbaden-Biebrich"]
[Date "2012.08.25"]
[Round "4.56"]
[White "Thomele, Michael"]
[Black "Puzzo, Peter"]
[Result "1/2-1/2"]
[WhiteElo "1895"]
[BlackElo "1732"]
[PlyCount "97"]
[EventDate "2012.??.??"]
[WhiteTeam "SC 1959 Obernau"]
[BlackTeam "Sfr. Frankfurt 1921"]

1. e4 e6 2. d4 d5 3. Nc3 Bb4 4. e5 c5 5. a3 Bxc3+ 6. bxc3 Qc7 7. Nf3 Ne7 8. Bd3
Nbc6 9. O-O O-O 10. Be3 cxd4 11. cxd4 f5 12. exf6 Rxf6 13. Bg5 Rf7 14. Re1 Qd8
15. Nh4 Qf8 16. Nf3 Bd7 17. Rb1 b6 18. Bh4 Nf5 19. Bxf5 Rxf5 20. Bg3 Qxa3 21.
Rb3 Qf8 22. Rbe3 g6 23. h4 Re8 24. Ng5 Qf6 25. c3 h6 26. Nf3 Rf8 27. Qc2 Rc8
28. Qe2 Re8 29. Nh2 Kh7 30. Ng4 Qf7 31. Qa6 Bc8 32. Qa4 h5 33. Qxc6 hxg4 34.
Qa4 g5 35. Qc2 Kg8 36. Qe2 Qh5 37. hxg5 Re7 38. f3 gxf3 39. Rxf3 Qxg5 40. Be5
Rxf3 41. Qxf3 Rf7 42. Qh3 Rh7 43. Qd3 Qh5 44. Re3 Qh1+ 45. Kf2 Rf7+ 46. Rf3
Qh4+ 47. Kg1 Rxf3 48. Qxf3 Qe1+ 49. Kh2 1/2-1/2

[Event "24.Schlosspark-Open"]
[Site "Wiesbaden-Biebrich"]
[Date "2012.08.25"]
[Round "4.57"]
[White "Mager, Thomas"]
[Black "Kreyssig, Bruno"]
[Result "1/2-1/2"]
[WhiteElo "1883"]
[BlackElo "1717"]
[PlyCount "73"]
[EventDate "2012.??.??"]
[WhiteTeam "SK 1929 Mainaschaff"]
[BlackTeam "SG Leipzig"]

1. d4 Nf6 2. Bf4 g6 3. e3 Bg7 4. Nf3 d6 5. Be2 O-O 6. h3 Nfd7 7. c3 e5 8. Bh2
Nc6 9. O-O Re8 10. Na3 Nb6 11. Bb5 Bd7 12. Rc1 a6 13. Be2 f5 14. Nc4 Nxc4 15.
Bxc4+ Kh8 16. Bg3 Bf6 17. b4 Na7 18. Qc2 Bb5 19. Bxb5 axb5 20. Rfd1 e4 21. Nd2
d5 22. Ra1 Qd7 23. a4 c6 24. Ra3 Nc8 25. Rda1 Nb6 26. axb5 Rxa3 27. Rxa3 cxb5
28. Qa2 Na4 29. c4 Rc8 30. cxb5 Nc3 31. Qa1 Ne2+ 32. Kh2 Nxg3 33. fxg3 Qxb5 34.
Rc3 Rxc3 35. Qxc3 Qc6 36. Qc5 Qxc5 37. bxc5 1/2-1/2

[Event "24.Schlosspark-Open"]
[Site "Wiesbaden-Biebrich"]
[Date "2012.08.25"]
[Round "4.58"]
[White "Lukas, Sebastian"]
[Black "Künitz, Klaus"]
[Result "1-0"]
[WhiteElo "1887"]
[BlackElo "1660"]
[PlyCount "27"]
[EventDate "2012.??.??"]
[WhiteTeam "SC 1979 Hattersheim"]
[BlackTeam "TSV Schott Mainz"]

1. e4 e6 2. d4 d5 3. Nd2 dxe4 4. Nxe4 Nd7 5. Nf3 Ngf6 6. Nxf6+ Nxf6 7. Bd3 c5
8. dxc5 Bxc5 9. Bg5 O-O 10. Qd2 Qb6 11. Bxf6 gxf6 12. Qh6 Bxf2+ 13. Kf1 f5 14.
Ng5 1-0

[Event "24.Schlosspark-Open"]
[Site "Wiesbaden-Biebrich"]
[Date "2012.08.25"]
[Round "4.59"]
[White "Launert, Martin"]
[Black "Busch, Silvan"]
[Result "1-0"]
[WhiteElo "1870"]
[BlackElo "1657"]
[PlyCount "85"]
[EventDate "2012.??.??"]
[WhiteTeam "Sfr.Erbach"]
[BlackTeam "SV 1920 Hofheim"]

1. e4 e5 2. Nf3 Nc6 3. Bb5 Nge7 4. d4 exd4 5. Nxd4 Nxd4 6. Qxd4 c6 7. Ba4 d5 8.
Nc3 Be6 9. Bg5 f6 10. Bxf6 dxe4 11. Bxg7 Qxd4 12. Bxd4 Rg8 13. Nxe4 O-O-O 14.
O-O-O Rxg2 15. Bxa7 Rxd1+ 16. Kxd1 Rg4 17. f3 Rg2 18. Bb3 Bxb3 19. axb3 Bg7 20.
Rg1 Rxg1+ 21. Bxg1 Bxb2 22. c3 Nd5 23. Kc2 Ba3 24. b4 Bxb4 25. cxb4 Nxb4+ 26.
Kb3 Nd3 27. Nf6 Ne1 28. f4 Nf3 29. Be3 Nxh2 30. Nxh7 Ng4 31. f5 Kd7 32. Bg5 Ke8
33. Nf6+ Nxf6 34. Bxf6 Kf7 35. Be5 b6 36. Kc4 Ke7 37. Kd3 Kf7 38. Ke4 Ke7 39.
Bc7 b5 40. Ke5 b4 41. Bd6+ Kf7 42. Bxb4 Kg7 43. Ke6 1-0

[Event "24.Schlosspark-Open"]
[Site "Wiesbaden-Biebrich"]
[Date "2012.08.25"]
[Round "4.61"]
[White "Van Bömmel, Philipp"]
[Black "Ivkin, Michael"]
[Result "1-0"]
[WhiteElo "1728"]
[BlackElo "1827"]
[PlyCount "77"]
[EventDate "2012.??.??"]
[WhiteTeam "SC 1979 Hattersheim"]
[BlackTeam "Wiesbadener SV 1885"]

1. c4 Nf6 2. g3 g6 3. Bg2 Bg7 4. Nc3 O-O 5. Nf3 c6 6. d4 d5 7. cxd5 cxd5 8. O-O
Nc6 9. Bg5 h6 10. Bf4 Nh5 11. Be3 Be6 12. Qd2 Kh7 13. Rac1 f5 14. Na4 Qd6 15.
Nc5 b6 16. Nxe6 Qxe6 17. Rc3 Rad8 18. Rfc1 Rd6 19. Bf4 Nxf4 20. gxf4 Nb8 21.
Ne5 Rfd8 22. b4 Nd7 23. b5 Nxe5 24. fxe5 R6d7 25. Rc6 Qg8 26. R1c3 e6 27. Qc1
Qf7 28. f4 Bf8 29. Rc8 Be7 30. R8c7 Bh4 31. Rxd7 Rxd7 32. Rc8 g5 33. e3 g4 34.
Qc6 Be1 35. Rf8 Qe7 36. Rf6 Rc7 37. Rxe6 Qd7 38. Rxh6+ Kg7 39. Qf6+ 1-0

[Event "24.Schlosspark-Open"]
[Site "Wiesbaden-Biebrich"]
[Date "2012.08.25"]
[Round "4.62"]
[White "Mang, Markus"]
[Black "Stiefel, Marika"]
[Result "1-0"]
[WhiteElo "1827"]
[BlackElo "1645"]
[PlyCount "51"]
[EventDate "2012.??.??"]
[WhiteTeam "SG Kaiserslautern 1905"]
[BlackTeam "SSV Vimaria 91 Weimar"]

1. d4 Nf6 2. c4 e6 3. g3 Bb4+ 4. Bd2 Bxd2+ 5. Qxd2 O-O 6. Nc3 c6 7. Nf3 d5 8.
Bg2 Re8 9. O-O Nbd7 10. Ne5 dxc4 11. f4 Nxe5 12. fxe5 Nd5 13. Ne4 Rf8 14. Nd6
b5 15. a4 Bd7 16. g4 Qc7 17. g5 Ne7 18. Ra3 Rab8 19. Rh3 c5 20. Be4 Ng6 21. e3
b4 22. Qe2 Nf4 23. Bxh7+ Kh8 24. exf4 f5 25. Qh5 Be8 26. Bg6+ 1-0

[Event "24.Schlosspark-Open"]
[Site "Wiesbaden-Biebrich"]
[Date "2012.08.25"]
[Round "4.63"]
[White "Roth, Michael"]
[Black "Steimbach, Isabel"]
[Result "0-1"]
[WhiteElo "1619"]
[BlackElo "1718"]
[PlyCount "80"]
[EventDate "2012.??.??"]
[WhiteTeam "SC Lerchenberg/ZMO"]
[BlackTeam "OSG Baden-Baden"]

1. e4 e5 2. Bc4 Nf6 3. d4 Nxe4 4. dxe5 d6 5. c3 Nc5 6. Be3 Be7 7. Qf3 O-O 8.
Nd2 dxe5 9. O-O-O Qe8 10. Nh3 Nbd7 11. Qg3 Kh8 12. Ng5 Bxg5 13. Bxg5 Nb6 14.
Bb3 Nxb3+ 15. Nxb3 f6 16. Be3 Qa4 17. Kb1 Bf5+ 18. Ka1 Be6 19. c4 Bxc4 20. Bc5
Bxb3 21. Qxb3 Qxb3 22. axb3 Rfd8 23. Rxd8+ Rxd8 24. Bxb6 axb6 25. b4 c6 26. Ka2
Kg8 27. Re1 Rd2 28. f4 exf4 29. Re7 Rxg2 30. Rxb7 f3 31. b5 cxb5 32. Rc7 f2 33.
Rc8+ Kf7 34. Rc1 Rg1 35. Rc7+ Kg6 36. h4 f1=Q 37. h5+ Kxh5 38. Ka3 Qa1+ 39. Kb3
Qa4+ 40. Kc3 Rc1+ 0-1